Tuyển tập V. IA. Propp

Nghiên cứu hình thái học truyện cổ tích: Lịch sử, các chức năng của nhân vật hành động, sự phân bố, phương thức đưa nhân vật và quá trình hành động...Đồng thời còn nghiên cứu về gốc rễ lịch sử của truyện cổ tích thần kỳ qua các t...

詳細記述

保存先:
書誌詳細
フォーマット: 図書
言語:Undetermined
出版事項: Hà Nội Văn hóa Dân tộc 2003
主題:
タグ: タグ追加
タグなし, このレコードへの初めてのタグを付けませんか!
Thư viện lưu trữ: Trung tâm Học liệu Trường Đại học Cần Thơ
LEADER 01149nam a2200193Ia 4500
001 CTU_95951
008 210402s9999 xx 000 0 und d
020 |c 110000 
082 |a 398.20947 
082 |b T527/T.1 
245 0 |a Tuyển tập V. IA. Propp 
245 0 |c Chu Xuân Diên, Phạm Lan Hương dịch 
260 |a Hà Nội 
260 |b Văn hóa Dân tộc 
260 |c 2003 
520 |a Nghiên cứu hình thái học truyện cổ tích: Lịch sử, các chức năng của nhân vật hành động, sự phân bố, phương thức đưa nhân vật và quá trình hành động...Đồng thời còn nghiên cứu về gốc rễ lịch sử của truyện cổ tích thần kỳ qua các truyện cổ tích Nga. Đặc biệt tác giả mở đầu cho phương pháp nghiên cứu cấu trúc, loại hình trong truyện cổ tích thần kỳ nói riêng và trong Folklore nói chung 
650 |a Folk literature,Russian 
904 |i Trúc 
980 |a Trung tâm Học liệu Trường Đại học Cần Thơ